000 00365 a2200169 4500
001 170080
020 _a85-02-02236-9
040 _cMagnum
100 _aCarneiro, Caio PorfĂ­rio
240 1 0 _aCajueiro sem sombra
_lpor
245 1 0 _aCajueiro sem sombra
300 _a63
362 0 _a1997
440 1 _aSaraiva
697 _aLITERATURA JUVENIL
942 _cBK
999 _c170080
_d170080